000 00590nam a2200217Ia 4500
005 20241129120217.0
008 241129s9999||||xx |||||||||||||| ||und||
020 _a9780140190625
037 _aTB
040 _aSDCL
_beng
_cSDCL
041 _aeng
_2eng
084 _aRxM79, N2
_qSDCL
100 _aRamana Maharshi
_950864
245 0 _aBe As You Are: The Teachings of Sri Ramana Maharshi
260 _aGurugram
_bPenguin Books India
_c1992
300 _avii,244p.
365 _aINR
_b299
650 _aReference
942 _cTB
_hRxM79, N2
999 _c1233824
_d1233824